[Event "IV Open I Like Elo"]
[Site "Roma ITA"]
[Date "2009.06.03"]
[Round "5"]
[White "Foschini, Andrea"]
[Black "Granitto, Francesco"]
[Result "1-0"]
[WhiteElo "1815"]
[BlackElo "1416"]
[PlyCount "89"]
[EventDate "2009.05.06"]

1. e4 e5 2. Nf3 Nc6 3. Bb5 d6 4. d4 Bd7 5. Nc3 Nf6 6. O-O Be7 7. Re1 O-O 8.
Bxc6 Bxc6 9. dxe5 dxe5 10. Qxd8 Raxd8 11. Nxe5 Bxe4 12. Nxe4 Nxe4 13. Nd3 f5
14. f3 Bc5+ 15. Kf1 Bb6 16. Nf4 Nd2+ 17. Bxd2 Rxd2 18. Re2 Rfd8 19. Rae1 Rd1
20. Nd3 Rxe1+ 21. Kxe1 Ba5+ 22. Kf1 Bb6 23. Re5 g6 24. Re7 Rd5 25. Ke2 Rd6 26.
c4 Kf8 27. Rxh7 Re6+ 28. Kd2 Be3+ 29. Kc3 Re7 30. Rxe7 Kxe7 31. Nb4 Kd6 32. Kd3
Bf4 33. h3 Be5 34. b3 a5 35. Nc2 Kc5 36. g4 f4 37. Ke4 Bd6 38. h4 a4 39. h5
axb3 40. axb3 g5 41. Kf5 b5 42. cxb5 Kd5 43. Kxg5 Be5 44. Nb4+ Ke6 45. Nd3 1-0

[Event "IV Open I Like Elo"]
[Site "Roma ITA"]
[Date "2009.06.03"]
[Round "5"]
[White "Mazza, Maurizio"]
[Black "Gargiulo, Mariano"]
[Result "0-1"]
[WhiteElo "1697"]
[BlackElo "1863"]
[PlyCount "60"]
[EventDate "2009.05.06"]

1. e4 c5 2. c3 d6 3. d4 Nf6 4. Bd3 g6 5. Nf3 Qc7 6. Bg5 Bg7 7. Nbd2 h6 8. Bh4
Nbd7 9. Qe2 Nh5 10. Qe3 e5 11. dxe5 Nxe5 12. Nxe5 Bxe5 13. h3 Nf4 14. O-O Nxd3
15. Qxd3 O-O 16. Nc4 d5 17. Qxd5 Bh2+ 18. Kh1 Be6 19. Qd3 g5 20. Bg3 Bxg3 21.
fxg3 Rad8 22. Qe2 Qxg3 23. Ne3 Rd7 24. Rf6 Kg7 25. Raf1 Qc7 26. Qh5 Rh8 27. h4
Qg3 28. Rxf7+ Rxf7 29. Rxf7+ Bxf7 30. Nf5+ Kf6 0-1

[Event "IV Open I Like Elo"]
[Site "Roma ITA"]
[Date "2009.06.03"]
[Round "5"]
[White "Napoli, Nicolo'"]
[Black "Quimi, Marco"]
[Result "1-0"]
[WhiteElo "2353"]
[BlackElo "2242"]
[PlyCount "43"]
[EventDate "2009.05.06"]

1. d4 Nf6 2. c4 e6 3. Nc3 Bb4 4. Qc2 Bxc3+ 5. Qxc3 b6 6. Qg3 g6 7. Qf3 d5 8.
Bg5 Nbd7 9. Nh3 c6 10. Nf4 Bb7 11. Nd3 Qe7 12. a3 dxc4 13. Ne5 c3 14. bxc3 Nxe5
15. Qxf6 Qxf6 16. Bxf6 Nd7 17. Bxh8 f6 18. h4 Kf7 19. h5 Rxh8 20. hxg6+ Kxg6
21. e3 c5 22. Bd3+ 1-0

[Event "IV Open I Like Elo"]
[Site "Roma ITA"]
[Date "2009.06.03"]
[Round "5"]
[White "Nassetti, Francesco"]
[Black "Felici, Ettore"]
[Result "0-1"]
[WhiteElo "1843"]
[BlackElo "1691"]
[PlyCount "64"]
[EventDate "2009.05.06"]

1. d4 f5 2. Nf3 Nf6 3. g3 e6 4. Bg2 Be7 5. O-O O-O 6. c4 d5 7. cxd5 exd5 8. Ne5
Be6 9. Nd3 Na6 10. a3 c5 11. dxc5 Nxc5 12. Nxc5 Bxc5 13. b4 Bb6 14. Bb2 Ne4 15.
Bd4 Rc8 16. e3 Rf7 17. a4 Rc4 18. Bxb6 Qxb6 19. b5 Qa5 20. Bxe4 fxe4 21. Nd2
Rc3 22. Nb1 Rd3 23. Qc2 Rc7 24. Qb2 Bg4 25. Qe5 Rc8 26. Qe7 Bh3 27. Ra3 Rxa3
28. Nxa3 Qd2 29. Qxb7 Qd3 30. Re1 h6 31. Nb1 Kh7 32. Qxa7 Qe2 0-1

[Event "IV Open I Like Elo"]
[Site "Roma ITA"]
[Date "2009.06.03"]
[Round "5"]
[White "Salvo, Ivano"]
[Black "Ruotolo, Claudio"]
[Result "1-0"]
[WhiteElo "1518"]
[BlackElo "1781"]
[PlyCount "53"]
[EventDate "2009.05.06"]

1. e4 e5 2. Nf3 Nc6 3. d4 exd4 4. Bc4 Nf6 5. e5 d5 6. Bb5 Ne4 7. Nxd4 Bd7 8.
Bxc6 bxc6 9. O-O Bc5 10. f3 Ng5 11. f4 Ne4 12. Be3 O-O 13. Nd2 Nxd2 14. Qxd2
Qe7 15. Qf2 Bb6 16. Rae1 c5 17. Nf3 d4 18. Bc1 Rad8 19. Qg3 d3 20. c4 Qe6 21.
b3 a5 22. a4 Bxa4 23. bxa4 Qxc4 24. f5 Qxa4 25. f6 c4+ 26. Kh1 g6 27. Qg5 1-0

[Event "IV Open I Like Elo"]
[Site "Roma ITA"]
[Date "2009.06.03"]
[Round "5"]
[White "Sellitto, Pietro"]
[Black "Castillo, Juan"]
[Result "0-1"]
[WhiteElo "1485"]
[BlackElo "1686"]
[PlyCount "84"]
[EventDate "2009.05.06"]

1. d4 d5 2. c4 e6 3. a3 Nf6 4. Nc3 Be7 5. Nf3 O-O 6. Bg5 h6 7. Bxf6 Bxf6 8. e3
b6 9. Bd3 Bb7 10. b4 dxc4 11. Bxc4 Nd7 12. Qd3 a5 13. b5 Be7 14. Qe2 Nf6 15.
O-O Rc8 16. Bd3 Nd5 17. Nxd5 Qxd5 18. Qc2 Qh5 19. Qe2 Bd6 20. h3 Rfd8 21. a4 c6
22. Be4 Ba8 23. Bxc6 Bxc6 24. bxc6 Rxc6 25. Qd1 Rdc8 26. Qb3 Bb4 27. Qd3 Qd5
28. Ne5 Rc3 29. Qa6 Qd6 30. Qb5 R3c7 31. Qe2 Qe7 32. Qf3 Bd6 33. Ng4 Rc4 34.
Rfb1 Bb4 35. Ne5 Rc2 36. Rd1 Qe8 37. d5 Bc3 38. Nc6 Bxa1 39. Rxa1 exd5 40. Qxd5
Qxc6 41. Qxc6 R8xc6 42. Rb1 Ra2 0-1

[Event "IV Open I Like Elo"]
[Site "Roma ITA"]
[Date "2009.06.03"]
[Round "5"]
[White "Sermoneta, Eugenio"]
[Black "Gatta, Flavio"]
[Result "1-0"]
[WhiteElo "1780"]
[BlackElo "1757"]
[PlyCount "49"]
[EventDate "2009.05.06"]

1. e4 Nf6 2. Nc3 d5 3. exd5 Nxd5 4. Bc4 Nxc3 5. bxc3 e6 6. Nf3 Nd7 7. d4 c6 8.
Bf4 Be7 9. O-O Nb6 10. Bd3 Nd5 11. Bd2 Qc7 12. Ne5 Nf6 13. f4 b6 14. Qe2 Bd6
15. f5 O-O 16. fxe6 fxe6 17. Rae1 c5 18. Bg5 c4 19. Bxc4 Nd5 20. Rxf8+ Bxf8 21.
Rf1 Nxc3 22. Rxf8+ Kxf8 23. Qf3+ Kg8 24. Qxa8 h6 25. Bxe6+ 1-0

[Event "IV Open I Like Elo"]
[Site "Roma ITA"]
[Date "2009.06.03"]
[Round "5"]
[White "Simeone, Giulio"]
[Black "Caparrotta, Federico"]
[Result "0-1"]
[WhiteElo "1970"]
[BlackElo "1884"]
[PlyCount "114"]
[EventDate "2009.05.06"]

1. c4 c6 2. e4 d5 3. cxd5 cxd5 4. exd5 Nf6 5. Bb5+ Bd7 6. Bc4 b5 7. Bb3 Na6 8.
d4 Nc7 9. Nf3 Ncxd5 10. O-O e6 11. Bg5 Be7 12. Qd3 O-O 13. Nc3 Nxc3 14. bxc3
Nd5 15. Bc2 g6 16. Bh6 Re8 17. Rab1 Rc8 18. Bd2 a6 19. Ne5 Bd6 20. f4 Qc7 21.
Rf3 Re7 22. Bb3 Be8 23. Qe2 f6 24. Ng4 Kg7 25. g3 Bc6 26. Rff1 Bb7 27. Rbc1 Qc6
28. Qg2 Qd7 29. Qh3 h5 30. Nf2 f5 31. Bd1 Nf6 32. Nd3 Ne4 33. Be1 Bd5 34. Rc2
Bc4 35. Be2 Nf6 36. Ne5 Bxe5 37. fxe5 Ng4 38. Bxc4 Rxc4 39. Bd2 b4 40. Rfc1
bxc3 41. Be1 Qxd4+ 42. Kh1 Rec7 43. Qf1 Qe4+ 44. Kg1 Ne3 45. Qf2 Nxc2 46. Rxc2
Qxe5 47. Re2 Qc5 48. Rc2 Qxf2+ 49. Kxf2 h4 50. Ke3 Re4+ 51. Kf2 hxg3+ 52. hxg3
Rec4 53. Kf3 Kf6 54. Bf2 Rb7 55. Ke2 Rb2 56. Kd3 Rxc2 57. Kxc2 Ke5 0-1

[Event "IV Open I Like Elo"]
[Site "Roma ITA"]
[Date "2009.06.03"]
[Round "5"]
[White "Sinbaldi, Francesco"]
[Black "Gerlando, Onofrio"]
[Result "1/2-1/2"]
[WhiteElo "1407"]
[BlackElo "1642"]
[PlyCount "104"]
[EventDate "2009.05.06"]

1. Nf3 d5 2. d3 Nf6 3. g3 Bf5 4. Nbd2 Nc6 5. Bg2 e5 6. O-O Bd6 7. c3 b5 8. a3
Rb8 9. h3 O-O 10. b4 Qd7 11. Kh2 Rfe8 12. Nh4 Be6 13. e4 d4 14. Bb2 dxc3 15.
Bxc3 h6 16. g4 Be7 17. Ndf3 Rbd8 18. Bxe5 Qxd3 19. Qxd3 Rxd3 20. Ng1 Red8 21.
Bxc7 R8d7 22. Bg3 g5 23. Nf5 Bxf5 24. e5 Be4 25. exf6 Bxg2 26. fxe7 Nxe7 27.
Kxg2 Nc8 28. Rfe1 Nb6 29. Nf3 f6 30. h4 Nd5 31. Re6 Kf7 32. Rd6 Re7 33. Rc6 Rb3
34. hxg5 hxg5 35. Rc5 Nc3 36. a4 bxa4 37. Ra5 Rb7 38. Bd6 Rb2 39. Bc5 Nd5 40.
R1xa4 Nf4+ 41. Kg3 Nd3 42. Rxa7 Rxa7 43. Rxa7+ Ke6 44. Re7+ Kd5 45. Rd7+ Kc4
46. Rd4+ Kc3 47. Re4 Nf4 48. Bd4+ Kxb4 49. Bxb2+ Kc5 50. Nd2 Nd5 51. Bxf6 Nxf6
52. Nf3 Nxe4+ 1/2-1/2

[Event "IV Open I Like Elo"]
[Site "Roma ITA"]
[Date "2009.06.03"]
[Round "5"]
[White "Vannelli, Vittorio"]
[Black "Pala, Giorgio"]
[Result "0-1"]
[WhiteElo "1847"]
[BlackElo "1983"]
[PlyCount "80"]
[EventDate "2009.05.06"]

1. e4 c5 2. Nf3 e6 3. d4 cxd4 4. Nxd4 a6 5. c4 Qc7 6. Bd3 Nf6 7. O-O Be7 8. Be3
O-O 9. Nc3 d6 10. Rc1 b6 11. f4 Nbd7 12. b4 Re8 13. Qf3 Bb7 14. Qh3 Rac8 15.
Nf3 Qb8 16. f5 e5 17. g4 Qa8 18. Nd5 Bxd5 19. cxd5 Rxc1 20. Rxc1 Rc8 21. g5
Rxc1+ 22. Bxc1 Ne8 23. f6 Qc8 24. Bd2 gxf6 25. gxf6 Nexf6 26. Ng5 b5 27. Qg2
Nf8 28. h3 Ng6 29. Nf3 Kh8 30. Bh6 Nh5 31. Ng5 Nhf4 32. Nxf7+ Kg8 33. Bxf4 exf4
34. Nh6+ Kf8 35. Qb2 Qxh3 36. Nf5 Qxd3 37. Qg7+ Ke8 38. Qg8+ Nf8 39. Ng7+ Kd7
40. Nh5 Qd1+ 0-1

[Event "IV Open I Like Elo"]
[Site "Roma ITA"]
[Date "2009.06.10"]
[Round "6"]
[White "Barbieri, Massimiliano"]
[Black "Scagliarini, Bruno"]
[Result "0-1"]
[WhiteElo "1302"]
[BlackElo "1925"]
[PlyCount "92"]
[EventDate "2009.05.06"]

1. e4 e6 2. d4 d5 3. Bd3 dxe4 4. Bxe4 Nf6 5. Nc3 Nxe4 6. Nxe4 b6 7. Nf3 Bb7 8.
Qd3 Qd5 9. Nc3 Bb4 10. O-O Bxc3 11. Qxc3 Na6 12. Bf4 O-O 13. Rfe1 c5 14. Re5
cxd4 15. Qxd4 Qxd4 16. Nxd4 Rfd8 17. c3 Bd5 18. a3 f6 19. Re3 e5 20. Bxe5 fxe5
21. Rxe5 Nc5 22. Rg5 Nb3 23. Rd1 Nxd4 24. Rxd4 Bf7 25. h4 Rxd4 26. cxd4 Kf8 27.
Rg3 Rd8 28. Rd3 Ke7 29. f4 Kd6 30. Kf2 Kd5 31. Ke3 Re8+ 32. Kf3 Re7 33. Re3
Rxe3+ 34. Kxe3 h5 35. g3 Be6 36. Kd3 a6 37. b3 b5 38. Ke3 a5 39. Kd3 b4 40.
axb4 axb4 41. Ke3 Bf5 42. Kd2 Kxd4 43. Ke2 Kc3 44. Ke3 Kxb3 45. Kd4 Kc2 46. Ke5
g6 0-1

[Event "IV Open I Like Elo"]
[Site "Roma ITA"]
[Date "2009.06.10"]
[Round "6"]
[White "Castillo, Juan"]
[Black "Foschini, Andrea"]
[Result "0-1"]
[WhiteElo "1686"]
[BlackElo "1815"]
[PlyCount "66"]
[EventDate "2009.05.06"]

1. e4 c5 2. Nf3 e6 3. d4 cxd4 4. Nxd4 Nf6 5. Nc3 d6 6. Bc4 Be7 7. O-O O-O 8.
Be3 a6 9. Bd3 Qc7 10. f4 b5 11. f5 Nc6 12. Nxc6 Qxc6 13. Bg5 Bb7 14. Kh1 b4 15.
Ne2 Nxe4 16. Bxe4 Qxe4 17. Rf3 Bxg5 18. Qf1 Rac8 19. c3 e5 20. Rg3 Bf4 21. f6
Bxg3 22. fxg7 Kxg7 23. Nxg3 Qxg2+ 24. Qxg2 Bxg2+ 25. Kxg2 f5 26. Rd1 bxc3 27.
bxc3 Rxc3 28. Rxd6 Rc2+ 29. Kh3 Rxa2 30. Nh5+ Kf7 31. Kh4 Rxh2+ 32. Kg5 Rg8+
33. Kh6 Rg6+ 0-1

[Event "IV Open I Like Elo"]
[Site "Roma ITA"]
[Date "2009.06.10"]
[Round "6"]
[White "De Maria, Isaia"]
[Black "Caparrotta, Federico"]
[Result "1/2-1/2"]
[WhiteElo "1884"]
[BlackElo "1884"]
[PlyCount "44"]
[EventDate "2009.05.06"]

1. e4 c6 2. d4 d5 3. Nc3 dxe4 4. Nxe4 Bf5 5. Ng3 Bg6 6. h4 h6 7. Nf3 Nd7 8. h5
Bh7 9. Bd3 Bxd3 10. Qxd3 Ngf6 11. Bf4 e6 12. O-O-O Be7 13. Kb1 O-O 14. Ne4 Nxe4
15. Qxe4 Nf6 16. Qe2 Qd5 17. Ne5 Qe4 18. Qxe4 Nxe4 19. Be3 Rfd8 20. g4 c5 21.
dxc5 Bxc5 22. Bxc5 Nxc5 1/2-1/2

[Event "IV Open I Like Elo"]
[Site "Roma ITA"]
[Date "2009.06.10"]
[Round "6"]
[White "Felici, Ettore"]
[Black "Vannelli, Vittorio"]
[Result "0-1"]
[WhiteElo "1691"]
[BlackElo "1847"]
[PlyCount "84"]
[EventDate "2009.05.06"]

1. Nf3 c5 2. e3 Nc6 3. d4 cxd4 4. exd4 d5 5. Bf4 Nf6 6. Nbd2 Bf5 7. c3 e6 8.
Ne5 Nxe5 9. Bxe5 Nd7 10. Bb5 f6 11. Bg3 h5 12. h4 a6 13. Be2 g6 14. Qb3 Qb6 15.
Qxb6 Nxb6 16. a4 Rc8 17. a5 Nd7 18. O-O Bh6 19. Nf3 Kf7 20. Ne1 e5 21. dxe5
fxe5 22. Nd3 Rhe8 23. Rad1 d4 24. cxd4 Rc2 25. Bf3 e4 26. Ne5+ Nxe5 27. Bxe4
Bxe4 28. dxe5 Rxb2 29. Rfe1 Bc6 30. Rd6 Re6 31. Rd8 Rd2 32. Rh8 Bg7 33. Rc8 Rd5
34. Rc7+ Kg8 35. Rc8+ Bf8 36. Ra1 Kf7 37. Rc7+ Be7 38. f4 Ke8 39. Rc8+ Kd7 40.
Rg8 Bc5+ 41. Kh2 Rd2 42. Rg7+ Kc8 0-1

[Event "IV Open I Like Elo"]
[Site "Roma ITA"]
[Date "2009.06.10"]
[Round "6"]
[White "Gamberale, Francesco"]
[Black "Bogosaljevic, Miodrag"]
[Result "0-1"]
[WhiteElo "1434"]
[BlackElo "2030"]
[PlyCount "84"]
[EventDate "2009.05.06"]

1. d4 d5 2. c4 c6 3. Nc3 Nf6 4. Nf3 Nbd7 5. cxd5 cxd5 6. Ne5 e6 7. Bg5 Be7 8.
e3 a6 9. Bd3 O-O 10. h4 Nxe5 11. dxe5 Nd7 12. Qh5 g6 13. Qh6 Nxe5 14. Bc2 Ng4
15. Bxe7 Nxh6 16. Bxd8 Rxd8 17. Rd1 Bd7 18. e4 Bc6 19. exd5 exd5 20. Bb3 d4 21.
Ne2 Bxg2 22. Rg1 d3 23. Rxg2 dxe2 24. Rxd8+ Rxd8 25. Kxe2 Nf5 26. h5 Nd4+ 27.
Ke3 Nxb3 28. axb3 Kg7 29. hxg6 fxg6 30. f4 Kf6 31. Rc2 Rd6 32. Ke4 h5 33. Rc3
Rb6 34. Rd3 Ke6 35. Re3 Rb5 36. Kd3+ Kf5 37. Kc4 Kxf4 38. Rd3 h4 39. Rd6 g5 40.
Rd4+ Kf5 41. b4 h3 42. Rd1 g4 0-1

[Event "IV Open I Like Elo"]
[Site "Roma ITA"]
[Date "2009.06.10"]
[Round "6"]
[White "Gargiulo, Mariano"]
[Black "Simeone, Giulio"]
[Result "0-1"]
[WhiteElo "1863"]
[BlackElo "1970"]
[PlyCount "62"]
[EventDate "2009.05.06"]

1. e4 c6 2. d3 d5 3. Nd2 e5 4. Ngf3 Bd6 5. c3 Ne7 6. b4 O-O 7. Bb2 Bg4 8. h3
Be6 9. d4 exd4 10. Nxd4 Ng6 11. Nxe6 fxe6 12. Bd3 Nf4 13. Bf1 Qf6 14. Nf3 dxe4
15. Qxd6 exf3 16. Qd4 fxg2 17. Qxf6 gxh1=Q 18. Qd4 Qd5 19. O-O-O Qxd4 20. Rxd4
c5 21. Re4 cxb4 22. cxb4 Nc6 23. b5 Ne7 24. Ba3 Rfc8+ 25. Kb1 Ned5 26. Bb2 Rc5
27. Be5 Rac8 28. Kb2 Rc2+ 29. Kb3 g5 30. Bc4 Rxf2 31. Bxf4 Nxf4 0-1

[Event "IV Open I Like Elo"]
[Site "Roma ITA"]
[Date "2009.06.10"]
[Round "6"]
[White "Gerlando, Onofrio"]
[Black "Zacchia, Marco"]
[Result "0-1"]
[WhiteElo "1642"]
[BlackElo "1487"]
[PlyCount "100"]
[EventDate "2009.05.06"]

1. e4 d5 2. Nc3 d4 3. Nd5 c6 4. Nf4 e5 5. Nd3 Bd6 6. h3 Nf6 7. Nf3 Nbd7 8. b4
b6 9. Bb2 Qe7 10. c3 c5 11. Qb3 Ba6 12. b5 Bb7 13. Nh2 Rc8 14. c4 Nxe4 15. Qd1
O-O 16. Qf3 Rc7 17. Qe2 f5 18. Rg1 Nef6 19. f3 e4 20. Nf2 Bxh2 21. Rh1 Bd6 22.
O-O-O exf3 23. gxf3 Re8 24. Qd3 g6 25. Bg2 Ne5 26. Qf1 Nxf3 27. Nd3 Ne5 28.
Bxb7 Rxb7 29. Nf2 Qf7 30. d3 Rbe7 31. Kc2 Ned7 32. Rd2 Nh5 33. Rg1 Re1 34. Qxe1
Rxe1 35. Rxe1 Bg3 36. Rde2 Nhf6 37. Re7 Qf8 38. R7e2 Qd6 39. Bc1 Bxf2 40. Rxf2
Qg3 41. Rfe2 f4 42. Rf1 g5 43. Re6 Qg2+ 44. Bd2 Qxf1 45. Rc6 Ne5 46. Rxf6 Qxd3+
47. Kd1 Nxc4 48. Ke1 Qxd2+ 49. Kf1 Ne3+ 50. Kg1 Qg2# 0-1

[Event "IV Open I Like Elo"]
[Site "Roma ITA"]
[Date "2009.06.10"]
[Round "6"]
[White "Granitto, Francesco"]
[Black "Sellitto, Pietro"]
[Result "1-0"]
[WhiteElo "1416"]
[BlackElo "1485"]
[PlyCount "89"]
[EventDate "2009.05.06"]

1. e4 b6 2. Nf3 Bb7 3. Nc3 e6 4. a3 Nf6 5. d3 Be7 6. Be2 O-O 7. O-O d5 8. exd5
Nxd5 9. Nxd5 Bxd5 10. Bf4 Bf6 11. d4 Nd7 12. c3 c5 13. Qa4 Qe7 14. Rad1 Rfd8
15. Bb5 Bxf3 16. gxf3 e5 17. Rfe1 Qe6 18. Kg2 Qf5 19. Bg3 exd4 20. Bd3 Qg5 21.
cxd4 Bxd4 22. Be4 Rab8 23. Qxa7 Nf6 24. Kf1 Be5 25. Rxd8+ Rxd8 26. Qxb6 Nxe4
27. Rxe4 Bxg3 28. hxg3 Rd1+ 29. Kg2 h5 30. Qb3 Qc1 31. f4 Rg1+ 32. Kf3 Qb1 33.
Re8+ Kh7 34. Qxf7 Qd1+ 35. Re2 Kh6 36. Qe6+ g6 37. Qe5 Qb3+ 38. Re3 Qb7+ 39.
Re4 Re1 40. Qh8+ Qh7 41. Qxh7+ Kxh7 42. Rxe1 Kg7 43. Re5 Kf7 44. Rxc5 Kf6 45.
b4 1-0

[Event "IV Open I Like Elo"]
[Site "Roma ITA"]
[Date "2009.06.10"]
[Round "6"]
[White "Maggi, Fabrizio"]
[Black "Castelfranchi, Carlo"]
[Result "0-1"]
[WhiteElo "2053"]
[BlackElo "2082"]
[PlyCount "58"]
[EventDate "2009.05.06"]

1. Nf3 Nf6 2. d4 g6 3. Nc3 d5 4. Bf4 Bg7 5. e3 Bf5 6. Ne5 O-O 7. Be2 c5 8. h4
Qa5 9. g4 Be6 10. Qd2 Nc6 11. g5 cxd4 12. exd4 Nd7 13. Nxc6 bxc6 14. O-O-O c5
15. Be3 Rab8 16. a3 c4 17. Nb1 Qb6 18. c3 Bf5 19. Rhg1 Qb3 20. Bg4 Be4 21. f3
Bd3 22. Qh2 Nb6 23. Bf4 e5 24. dxe5 Na4 25. Rg2 Bxb1 26. e6 Nxc3 27. Rdd2 Bd3
28. Rxd3 cxd3 29. Rg1 Ne2+ 0-1

[Event "IV Open I Like Elo"]
[Site "Roma ITA"]
[Date "2009.06.10"]
[Round "6"]
[White "Maggi, Luigi"]
[Black "Salvo, Ivano"]
[Result "1-0"]
[WhiteElo "1876"]
[BlackElo "1518"]
[PlyCount "93"]
[EventDate "2009.05.06"]

1. c4 Nf6 2. Nc3 g6 3. e4 d6 4. d4 Bg7 5. Nge2 O-O 6. Ng3 c5 7. d5 a6 8. a4 b6
9. Be2 e6 10. O-O exd5 11. exd5 Nbd7 12. Bf4 Qc7 13. Qd2 Re8 14. h3 Ne5 15.
Rae1 Bd7 16. Bh6 Bc8 17. Bxg7 Kxg7 18. f4 Ned7 19. Bd3 Bb7 20. Nce4 Kg8 21.
Nxf6+ Nxf6 22. Qc3 Rxe1 23. Rxe1 Re8 24. f5 Rxe1+ 25. Qxe1 b5 26. fxg6 hxg6 27.
axb5 axb5 28. b3 bxc4 29. bxc4 Kf8 30. Qe3 Qe7 31. Nf1 Nd7 32. Qxe7+ Kxe7 33.
Ne3 Ne5 34. Be2 Kf6 35. Kf2 Kg5 36. g3 f5 37. h4+ Kf6 38. Nc2 Ba6 39. Na3 Nd7
40. Ke3 Ke5 41. Bf1 Nf6 42. Be2 Ne4 43. g4 f4+ 44. Kd3 Nf2+ 45. Kd2 Ke4 46. h5
f3 47. h6 1-0

[Event "IV Open I Like Elo"]
[Site "Roma ITA"]
[Date "2009.06.10"]
[Round "6"]
[White "Mazza, Maurizio"]
[Black "Sinbaldi, Francesco"]
[Result "1-0"]
[WhiteElo "1697"]
[BlackElo "1407"]
[PlyCount "51"]
[EventDate "2009.05.06"]

1. e4 g6 2. d4 d6 3. Nc3 Bg7 4. Be3 a6 5. Nf3 Nd7 6. Bc4 e6 7. O-O b5 8. Bb3
Bb7 9. Ng5 Rc8 10. f4 h6 11. Nf3 b4 12. Ne2 Bxe4 13. Ng3 Bb7 14. Qd3 Ne7 15.
Rae1 O-O 16. Qd2 a5 17. f5 Nxf5 18. Nxf5 exf5 19. Bxh6 d5 20. Qf4 f6 21. Bxg7
Kxg7 22. Nh4 g5 23. Nxf5+ Kf7 24. Qf3 Nb6 25. Qh5+ Kg8 26. Qg6+ 1-0

[Event "IV Open I Like Elo"]
[Site "Roma ITA"]
[Date "2009.06.10"]
[Round "6"]
[White "Nassetti, Francesco"]
[Black "Carotenuto, Piero"]
[Result "0-1"]
[WhiteElo "1843"]
[BlackElo "1724"]
[PlyCount "94"]
[EventDate "2009.05.06"]

1. Nf3 d5 2. d4 Nf6 3. c4 e6 4. Nc3 c6 5. Bg5 h6 6. Bxf6 Qxf6 7. e3 g6 8. cxd5
exd5 9. a3 a5 10. Qa4 Nd7 11. Bd3 Bg7 12. O-O O-O 13. Rfc1 b5 14. Qb3 a4 15.
Qb4 Re8 16. Na2 Nb6 17. Ne5 Bf8 18. Rxc6 Qxc6 19. Nxc6 Bxb4 20. Naxb4 Bd7 21.
Bxb5 Re6 22. Kf1 Nc8 23. Ke1 Nd6 24. Bd3 Rc8 25. Ne5 Bb5 26. Bxb5 Nxb5 27. Nxd5
Nxd4 28. exd4 f6 29. Nxf6+ Rxf6 30. Nf3 Rc2 31. Rb1 Rb6 32. Ne5 Rf6 33. f3 Rxg2
34. Rd1 Rxh2 35. d5 Rh1+ 36. Ke2 Rxd1 37. Kxd1 Rd6 38. Ke2 Rxd5 39. Nxg6 Kg7
40. Nf4 Rb5 41. Nd3 h5 42. Nb4 Kf6 43. Kf2 Kf5 44. Kg3 Re5 45. Kf2 h4 46. Nd3
Rd5 47. Ke2 Rxd3 0-1

[Event "IV Open I Like Elo"]
[Site "Roma ITA"]
[Date "2009.06.10"]
[Round "6"]
[White "Pipitone, Filippo Massimo"]
[Black "Capitani, Roberto"]
[Result "1-0"]
[WhiteElo "1468"]
[BlackElo "1596"]
[PlyCount "159"]
[EventDate "2009.05.06"]

1. e4 c6 2. d3 d5 3. Nd2 Nf6 4. Ngf3 g6 5. g3 Bg7 6. Bg2 Na6 7. e5 Nd7 8. d4 c5
9. c3 Qa5 10. O-O O-O 11. Re1 e6 12. Nf1 cxd4 13. cxd4 Qb5 14. a3 Nb6 15. Ne3
Nc4 16. Nxc4 Qxc4 17. Bf1 Qc6 18. b4 b5 19. Bd2 Nc7 20. Rc1 Qb6 21. Bg5 a6 22.
Be7 Re8 23. Bd6 Bd7 24. Bxc7 Qb7 25. Bd6 Bc6 26. h4 Bf8 27. Bxf8 Kxf8 28. Ng5
Kg7 29. Qf3 Rac8 30. h5 h6 31. Qf6+ Kg8 32. Nf3 Qe7 33. Qxe7 Rxe7 34. hxg6 fxg6
35. Nh4 g5 36. Ng2 Rec7 37. Rc5 Be8 38. g4 h5 39. f4 gxf4 40. Nxf4 Bd7 41. Nxh5
Kf7 42. Bd3 Rxc5 43. Rf1+ Ke7 44. bxc5 Rg8 45. Nf6 Rg5 46. Kg2 Be8 47. Kg3 Bg6
48. Bxg6 Rxg6 49. Kh4 Rh6+ 50. Nh5 Rh8 51. Kg5 Rg8+ 52. Kh4 Rh8 53. Kg3 a5 54.
Rb1 Rb8 55. g5 b4 56. axb4 Rxb4 57. Ra1 Kf7 58. g6+ Kxg6 59. Nf4+ Kf7 60. Ne2
a4 61. c6 Rc4 62. Rc1 Ke7 63. Rxc4 dxc4 64. Nc3 a3 65. Na2 Kd8 66. Kf3 Kc7 67.
Ke3 Kxc6 68. Ke4 Kd7 69. d5 exd5+ 70. Kxd5 Ke7 71. e6 Kf6 72. Kd6 Kf5 73. e7
Ke4 74. e8=Q+ Kd4 75. Qc8 Kd3 76. Kd5 Kc2 77. Qxc4+ Kb2 78. Nc3 Kc1 79. Na4+
Kd1 80. Qb3+ 1-0

[Event "IV Open I Like Elo"]
[Site "Roma ITA"]
[Date "2009.06.10"]
[Round "6"]
[White "Quimi, Marco"]
[Black "Mulas, Icaro"]
[Result "1-0"]
[WhiteElo "2242"]
[BlackElo "1815"]
[PlyCount "43"]
[EventDate "2009.05.06"]

1. e4 c5 2. Nf3 d6 3. Bc4 Nf6 4. Qe2 Nc6 5. O-O e6 6. Bb3 Be7 7. c3 O-O 8. d4
d5 9. e5 Nd7 10. Rd1 Re8 11. Nbd2 h6 12. Nf1 Bf8 13. Ng3 b6 14. Bc2 f5 15. exf6
Nxf6 16. Bf4 a5 17. Bg6 Ba6 18. Qc2 Re7 19. Ne5 Rc8 20. Qd2 Nxe5 21. Bxe5 Nd7
22. Bd6 1-0

[Event "IV Open I Like Elo"]
[Site "Roma ITA"]
[Date "2009.06.10"]
[Round "6"]
[White "Roberti, Bruno"]
[Black "Sermoneta, Eugenio"]
[Result "1-0"]
[WhiteElo "1969"]
[BlackElo "1780"]
[PlyCount "103"]
[EventDate "2009.05.06"]

1. e4 e6 2. d4 d5 3. Nd2 dxe4 4. Nxe4 Nf6 5. Bg5 Be7 6. Bxf6 Bxf6 7. Nf3 O-O 8.
c3 Be7 9. Bd3 Nd7 10. Qe2 b6 11. O-O-O Bb7 12. h4 h6 13. Kb1 Nf6 14. Nfg5 Nxe4
15. Bxe4 Bxe4+ 16. Nxe4 Bxh4 17. Qg4 f5 18. Qxh4 Qxh4 19. Rxh4 fxe4 20. Rd2 Rf6
21. Rxe4 c6 22. Rde2 Kf7 23. f3 g5 24. Kc2 Rg8 25. c4 Rd8 26. Kc3 a6 27. b3 h5
28. b4 Rc8 29. Re5 g4 30. fxg4 hxg4 31. a3 g3 32. Rg5 Rg8 33. Rxg8 Kxg8 34. Re3
Rg6 35. Rf3 Kg7 36. Kd3 Rg4 37. c5 b5 38. Ke3 Kg6 39. Rf8 Kg5 40. Rg8+ Kf5 41.
Rxg4 Kxg4 42. Ke4 Kg5 43. Ke5 Kg4 44. Kxe6 Kf4 45. d5 cxd5 46. c6 d4 47. c7 d3
48. c8=Q d2 49. Qf8+ Ke3 50. Qf3+ Kd4 51. Kf5 Kc4 52. Ke4 1-0

[Event "IV Open I Like Elo"]
[Site "Roma ITA"]
[Date "2009.06.10"]
[Round "6"]
[White "Ruotolo, Claudio"]
[Black "Colantonio, Marco"]
[Result "1-0"]
[WhiteElo "1781"]
[BlackElo "1692"]
[PlyCount "37"]
[EventDate "2009.05.06"]

1. c4 e5 2. Nc3 Nf6 3. g3 d5 4. cxd5 Nxd5 5. Bg2 c6 6. Nf3 Bd6 7. O-O O-O 8. d3
f6 9. Qb3 Be6 10. Qxb7 Nb6 11. Be3 Rf7 12. Bxb6 Rxb7 13. Bxd8 a5 14. d4 Nd7 15.
dxe5 Nxe5 16. Nxe5 Rxd8 17. Nxc6 Rc8 18. Nd4 Rxb2 19. Ne4 1-0

[Event "IV Open I Like Elo"]
[Site "Roma ITA"]
[Date "2009.06.17"]
[Round "7"]
[White "Bogosaljevic, Miodrag"]
[Black "Casella, Carlo"]
[Result "1/2-1/2"]
[WhiteElo "2030"]
[BlackElo "1607"]
[PlyCount "80"]
[EventDate "2009.05.06"]

1. e4 e5 2. Nc3 Nf6 3. f4 d6 4. Nf3 exf4 5. d4 Be7 6. Bc4 O-O 7. O-O Bg4 8.
Bxf4 Nbd7 9. h3 Bh5 10. Qd3 Nb6 11. Bb3 Rc8 12. Ne2 c5 13. c4 Bg6 14. Ng3 h6
15. Rae1 d5 16. Ne5 Bh7 17. Nf5 dxe4 18. Nxe7+ Qxe7 19. Qd2 cxd4 20. Qxd4 Rfd8
21. Qf2 Qc5 22. Re3 a5 23. Kh1 a4 24. Bc2 Rd6 25. Qg3 Nh5 26. Qg4 Nxf4 27. Nxf7
Rf6 28. Nxh6+ Kf8 29. Rxf4 Qxe3 30. Rxf6+ gxf6 31. Nf5 Bxf5 32. Qxf5 Qc1+ 33.
Kh2 Qxc2 34. Qxf6+ Ke8 35. Qe6+ Kd8 36. Qxb6+ Rc7 37. Qd6+ Rd7 38. Qb8+ Ke7 39.
Qe5+ Kf8 40. Qf6+ Ke8 1/2-1/2

[Event "IV Open I Like Elo"]
[Site "Roma ITA"]
[Date "2009.06.17"]
[Round "7"]
[White "Caparrotta, Federico"]
[Black "Quimi, Marco"]
[Result "0-1"]
[WhiteElo "1884"]
[BlackElo "2242"]
[PlyCount "96"]
[EventDate "2009.05.06"]

1. e4 c5 2. Nf3 Nc6 3. d4 cxd4 4. Nxd4 g6 5. Nc3 Bg7 6. Be3 Nf6 7. f3 O-O 8.
Qd2 d5 9. exd5 Nxd5 10. Nxd5 Qxd5 11. Nxc6 Qxc6 12. O-O-O Bf5 13. Bd3 Rfd8 14.
Kb1 Bxd3 15. cxd3 Qb5 16. d4 Rd5 17. Qd3 Qxd3+ 18. Rxd3 e5 19. Rhd1 Rad8 20.
Bg5 R8d7 21. Rc1 h6 22. Bh4 Rxd4 23. Rxd4 exd4 24. Bf2 a6 25. Rd1 d3 26. b3 f5
27. Be3 g5 28. Bc1 Be5 29. h3 Kf7 30. Bb2 Bf4 31. Bc1 d2 32. Bb2 Rc7 33. a3 h5
34. g3 Be3 35. g4 hxg4 36. hxg4 f4 37. Rh1 Ke6 38. Rd1 b5 39. Rh1 a5 40. Rh6+
Kd5 41. Rh1 a4 42. bxa4 bxa4 43. Rd1 Rc8 44. Rh1 Bd4 45. Rd1 Rb8 46. Rxd2 Rxb2+
47. Rxb2 Bxb2 48. Kxb2 Kd4 0-1